000 00749nam a22002175i 4500
001 177221
003 ES-MaACL
005 20230906220259.0
008 110309s1959 sp o |||| | spa d
080 _a725.94(460.313 V.)
100 1 _aGarín Ortiz de Taranco, Felipe María.
_955562
245 1 0 _aValencia monumental /
_cpor F. Mª Garín Ortiz de Taranco.
260 _aMadrid :
_bPlus-Ultra,
_cD. L. 1959.
300 _a158 p. :
_bfot. bl. y n. ;
_c22 cm.
490 1 _aLos monumentos cardinales de España ;
_v22
504 _aBibliografía: p. 157-158.
650 0 4 _aMonumentos-
_zValencia.
_915186
830 0 _aLos monumentos cardinales de España ;
_v22
_9190368
852 _aES-MaACL
_jE-14635
_xOlim P-1021
999 _c177221
_d177221